| 000 | 00400nam a22001217a 4500 | ||
|---|---|---|---|
| 020 | _a9787561342077 | ||
| 082 |
_a914.241 _bYAN |
||
| 245 |
_aI am the Lord of my Worlds: _bmy world my rules (Chinese Edition) / _cYu Yang |
||
| 260 |
_aChina : _bShaanxi Normal University General Publishing House, _c2008. |
||
| 300 |
_a231 p. ; _c23 cm. |
||
| 880 |
_6245-02\r _a我是我世界的主 / |
||
| 942 |
_2ddc _cBK |
||
| 999 |
_c591812 _d591812 |
||